000 00679nam a22002417a 4500
003 UA-OsUOA
001 65209
007 ta
008 20091117b un ||||| |||| 00| 0 ukr d
100 _aБулаховская Ю.
090 _a821.161.2
_bБ90
942 _cBK
040 _aUA-OsUOA
_brus
_cUA-OsUOA
_dUA-OsUOA
245 _aИзбранные произведения
300 _a277 с.
955 _a3
041 _arus
080 _a821.161.2
020 _a966-8188-69-1
260 _aК.
_bИздательский Дом Дмитрия Бураго
_c2007
650 7 _a82 Література. Літературознавство
_2UDC
999 _c351341
_d351341